|
|
|
|
| LEADER |
00000cas a2200000 a 4500 |
| 001 |
vtls008881400 |
| 003 |
SK-MaSNL |
| 005 |
20260425194214.0 |
| 008 |
150407d20002004xo qr|p 0 0 b0slo c |
| 022 |
|
|
|a 1335-7654
|
| 035 |
|
|
|a (SVKBB03)vtls000066260
|
| 040 |
|
|
|a SVKBB
|b slo
|c SVKBB
|d SAVUK
|d SNK
|e AACR2
|
| 041 |
0 |
|
|a slo
|
| 043 |
|
|
|a e-xo---
|
| 044 |
|
|
|a xo
|c SK
|
| 072 |
|
7 |
|a 614
|x Verejné zdravie a hygiena
|2 konspekt
|
| 080 |
|
|
|a 050
|2 2001
|
| 080 |
|
|
|a 614.2:725.511
|2 2001
|
| 080 |
|
|
|a (437.6)
|2 2001
|
| 080 |
|
|
|a 614.2
|2 2001
|
| 210 |
0 |
|
|a Speculum Nostrum
|
| 222 |
|
0 |
|a Speculum Nostrum
|
| 245 |
0 |
0 |
|a Speculum nostrum
|b odborno-spoločenský časopis NsP sv. Cyrila a Metoda
|
| 260 |
|
|
|a Bratislava
|b Zdravie za Dunajom
|c 2000-2004
|
| 300 |
|
|
|a 5 zv.
|b ilust., tab.
|c 30 cm
|
| 310 |
|
|
|a 4x ročne
|
| 362 |
0 |
|
|a Roč. 1, č. 1 (2000)-roč. 5, č. 4 (2004)
|
| 500 |
|
|
|a Šéfredaktor: Jozef Bilický
|
| 500 |
|
|
|a Popis podľa: Roč. 2, č. 1 (2001)
|
| 610 |
2 |
7 |
|a Nemocnica s poliklinikou sv. Cyrila a Metoda (Petržalka, Bratislava, Slovensko)
|2 SNKKA
|9 35099
|
| 650 |
0 |
7 |
|a zdravotníctvo
|2 SNKPH
|9 1269
|
| 650 |
0 |
7 |
|a nemocnice
|2 SNKPH
|9 3008
|
| 651 |
|
7 |
|a Slovensko
|2 SNKPH
|9 14231
|
| 655 |
|
7 |
|a odborné časopisy
|2 SNKPH
|9 70505
|
| 700 |
1 |
|
|a Bilický, Jozef
|4 pbd
|9 7921
|
| 910 |
|
|
|a svkbb
|
| 910 |
|
|
|a svkpo
|
| 910 |
|
|
|a savuk
|
| 910 |
|
|
|a snk
|
| 916 |
|
|
|a 2001-2004
|
| 999 |
|
|
|c 6980
|d 8910
|
| 952 |
|
|
|t č. 1-4
|a SNK
|b SNK
|y PREZ
|7 0
|p 17A0672043
|o snkČSB 5709/2/2001
|i snk2010/23112
|8 0
|f 1
|0 0
|1 0
|4 0
|d 2010-10-21
|l 0
|r 2026-02-21 19:55:40
|w 2026-02-21
|
| 952 |
|
|
|t č. 1-4
|a SNK
|b SNK
|y PREZ
|7 0
|p 17A0672044
|o snkČSB 5709/2/2001 D1
|i snk2010/23113
|8 0
|0 0
|1 0
|4 0
|d 2010-10-21
|l 0
|r 2026-02-21 19:55:40
|w 2026-02-21
|
| 952 |
|
|
|t č. 1-4
|a SNK
|b SNK
|y PREZ
|7 0
|p 17A0672045
|o snkČSB 5709/3/2002
|i snk2010/23114
|8 0
|f 1
|0 0
|1 0
|4 0
|d 2010-10-21
|l 0
|r 2026-02-21 19:55:40
|w 2026-02-21
|
| 952 |
|
|
|t č. 1-4
|a SNK
|b SNK
|y PREZ
|7 0
|p 17A0672046
|o snkČSB 5709/3/2002 D1
|i snk2010/23115
|8 0
|0 0
|1 0
|4 0
|d 2010-10-21
|l 0
|r 2026-02-21 19:55:40
|w 2026-02-21
|
| 952 |
|
|
|t č. 1-4
|a SNK
|b SNK
|y PREZ
|7 0
|p 17A0672047
|o snkČSB 5709/4/2003
|i snk2010/23116
|8 0
|f 1
|0 0
|1 0
|4 0
|d 2010-10-21
|l 0
|r 2026-02-21 19:55:41
|w 2026-02-21
|
| 952 |
|
|
|t č. 1-4
|a SNK
|b SNK
|y PREZ
|7 0
|p 17A0672048
|o snkČSB 5709/4/2003 D1
|i snk2010/23117
|8 0
|0 0
|1 0
|4 0
|d 2010-10-21
|l 0
|r 2026-02-21 19:55:41
|w 2026-02-21
|
| 952 |
|
|
|t č. 1-4
|a SNK
|b SNK
|y PREZ
|7 0
|p 17A0672049
|o snkČSB 5709/5/2004
|i snk2010/23118
|8 0
|f 1
|0 0
|1 0
|4 0
|d 2010-10-21
|l 0
|r 2026-02-21 19:55:41
|w 2026-02-21
|
| 952 |
|
|
|t č. 1-4
|a SNK
|b SNK
|y PREZ
|7 0
|p 17A0672050
|o snkČSB 5709/5/2004 D1
|i snk2010/23120
|8 0
|0 0
|1 0
|4 0
|d 2010-10-21
|l 0
|r 2026-02-21 19:55:41
|w 2026-02-21
|